Персонажи фильмов Kingsman - Statistics

General Stats
  • This quiz has been taken 10 times
  • The average score is 10 of 20
Answer Stats
Answer % Correct
Эггси
100%
Мерлин
100%
Чарли
100%
Рокси
67%
Текила
67%
Принцесса Тильда
67%
Шампань
67%
Виски
67%
Гарри Харт
33%
Валентайн
33%
Ланселот
33%
Поппи Адамс
33%
Элтон Джон
33%
Кола (Имбирный Эль)
33%
Газель
33%
Честер Кинг, Артур
33%
Джеймс Арнольд
33%
Мишель Анвин
33%
Дин Бейкер
33%
Фокс
33%
No matching quizzes found
Score Distribution
Percent of People with Each Score
Percentile by Number Answered
Your Score History
You have not taken this quiz